Top 50 des meilleurs dessins animés de votre enfance - Statistiques

Statistiques générales
  • Ce quiz a été pris 402 fois
  • Le résultat moyen est 7 sur 50
Statistiques - réponses
Réponses % Correct
5 Pokémon
73%
19 Totally Spies
40%
13 Dragon Ball
31%
24 Oggy et les Cafards
31%
45 Quoi d'neuf Scooby-Doo ?
30%
8 Scooby-Doo, où es-tu ?
30%
22 Les Zinzins de l'espace
27%
4 Tom et Jerry
27%
28 Goldorak
25%
18 Olive et Tom
25%
47 Titeuf
25%
16 Bob l'éponge
23%
44 Inspecteur Gadget
23%
40 Code Lyoko
21%
7 Les Mystérieuses Cités d'or
20%
14 Les Simpson
20%
50 Martin Mystère
20%
49 Capitaine Flam
17%
29 Tom Sawyer
15%
38 Yu-Gi-Oh!
15%
41 La Panthère rose
13%
48 Princesse Sarah
13%
12 Tortues Ninja : Les Chevaliers d'écaille
11%
15 Ulysse 31
11%
3 Looney Tunes
10%
20 Nicky Larson
10%
10 Il était une fois... La Vie
8%
11 Les Chevaliers du Zodiaque
8%
1 Batman
7%
6 Dragon Ball Z
7%
34 Les Razmoket
7%
23 Les Supers Nanas
7%
31 Spider-Man, l'homme araignée
6%
2 Les Aventures de Tintin
5%
37 Les Malheurs de Sophie
5%
33 Le Laboratoire de Dexter
4%
36 Cobra
3%
43 Détective Conan
3%
17 Il était une fois... L'Homme
3%
32 Les Fous du Volant
3%
39 Albator 84
2%
9 Bip Bip et Coyote
2%
42 Hé Arnold !
2%
30 Tex Avery
2%
26 Albator 78
1%
21 La Ligue des justiciers
1%
27 Les Animaniacs
1%
35 Les Minikeums
1%
46 Sherlock Holmes
1%
25 Ça cartoon
0%
Aucun quiz correspondant
Distribution des résultats
% des personnes avec chaque résultat
Percentile par nombre de réponses
Votre historique - résultats
Vous n’avez pas pris ce quiz